| 000 | 00833cam a22002894a 4500 | ||
|---|---|---|---|
| 001 | 15930239 | ||
| 005 | 20170206102959.0 | ||
| 008 | 091002s2010 cau b 000 0 eng | ||
| 020 | _a9781595800480 | ||
| 020 | _a1595800484 | ||
| 040 | _cPK-LaUMT | ||
| 082 | 0 | 0 |
_a306.9 _222 _bTRA-P |
| 100 | 1 | _aTravis-Henikoff, Carole A. | |
| 245 | 1 | 0 |
_aPassings : _bdeath, dying, and unexplained phenomena / _cCarole A. Travis-Henikoff ; forewarded by Garniss H. Curtis. |
| 260 |
_aSanta Monica, CA : _bSanta Monica Press, _c2010 |
||
| 300 |
_a324 p. ; _c24 cm. |
||
| 650 | 0 | _aDeath. | |
| 650 | 0 |
_aDeath _xPsychological aspects. |
|
| 650 | 1 | 2 | _aDeath |
| 650 | 1 | 2 | _aParapsychology |
| 650 | 1 | 2 | _aThanatology |
| 650 | 1 | 2 | _aAttitude to Death |
| 650 | 2 | 2 | _aBereavement |
| 650 | 2 | 2 | _aTelepathy |
| 700 | 1 | _aCurtis, Garniss. | |
| 942 | _cBK | ||
| 999 |
_c90821 _d90821 |
||